S dievčiskom sa nehráme /

Hlavní autor: Tanská, Nataša, 1929-2014
Další autoři: Vlachová, Renáta, 1933-
Jazyk: Slovenština
Vydáno: Bratislava : Mladé letá, 1978
Vydání: 1. vyd.
Fyzický popis: 62 s.
Knihy
Uloženo v:
LEADER 00754nam a2200229 a 4500
001 000626508
003 CZ BrMZK
005 20021001085259.0
007 ta
008 020930s1978 xo f slo d
040 |a BOA001  |b cze  |c BOA001 
080 |a 885.4-93-32  |2 MRF 
100 1 |a Tanská, Nataša,  |d 1929-2014  |7 jk01132050  |4 aut 
245 1 0 |a S dievčiskom sa nehráme /  |c Nataša Tanská ; ilustrácie Renáta Vlachová 
250 |a 1. vyd. 
260 |a Bratislava :  |b Mladé letá,  |c 1978 
300 |a 62 s. 
521 |a Pre čitateľov od 6 rokov 
700 1 |a Vlachová, Renáta,  |d 1933-  |7 jx20050628035  |4 ill 
910 |a BOA001  |b 2-0803.076 
990 |a BK 
996 7 |b 2619355990  |c 2-0803.076  |l MZK  |r Sklad / do 1 hodiny  |n 0  |w 000626508  |u 000010  |a 1  |e BOA001  |j MZK50  |s A